[Event "EWIBCC 2019"]
[Site "Monte-Carlo"]
[Date "2019.11.29"]
[Round "8.15"]
[White "Worek, Joanna"]
[Black "Petrova, Irina"]
[Result "0-1"]
[WhiteElo "2316"]
[BlackElo "2109"]
[Annotator "NA"]
[PlyCount "68"]
[EventDate "2019.11.29"]
[EventType "swiss"]
[EventCountry "MNC"]
[SourceTitle "playchess.com"]
[Source "ChessBase"]
[SourceQuality "1"]
[TimeControl "180+2"]

1. e4 {[%emt 0:00:00]} d6 {[%emt 0:00:00]} 2. Nf3 {[%emt 0:00:03]} g6 {[%emt 0:00:01]} 3. d4 {[%emt 0:00:01]} Nf6 {[%emt 0:00:01]} 4. Nc3 {[%emt 0:00:02]} Bg7 {[%emt 0:00:01]} 5. Bg5 {[%emt 0:00:09]} c6 {[%emt 0:00:07]} 6. Qd2 {[%emt 0:00:05]} d5 {[%emt 0:00:19]} 7. Bd3 {[%emt 0:01:07]} dxe4 {[%emt 0:00:10]} 8. Nxe4 {[%emt 0:00:01]} Nbd7 {[%emt 0:00:12]} 9. Ng3 {[%emt 0:00:19]} h6 {[%emt 0:00:14]} 10. Be3 {[%emt 0:00:03]} Nb6 {[%emt 0:00:06]} 11. Ne5 {[%emt 0:00:08]} Nbd5 {[%emt 0:00:09]} 12. O-O {[%emt 0:00:07]} Nxe3 {[%emt 0:00:06]} 13. fxe3 {[%emt 0:00:02]} O-O {[%emt 0:00:05]} 14. c4 {[%emt 0:00:02]} Ng4 {[%emt 0:00:22]} 15. Nxg4 {[%emt 0:00:09]} Bxg4 {[%emt 0:00:01]} 16. c5 {[%emt 0:00:10]} e5 {[%emt 0:00:06]} 17. Ne4 {[%emt 0:00:11]} exd4 {[%emt 0:00:05]} 18. Nd6 {[%emt 0:00:01]} dxe3 {[%emt 0:00:11]} 19. Qxe3 {[%emt 0:00:01]} Qg5 {[%emt 0:00:04]} 20. Qxg5 {[%emt 0:00:08]} hxg5 {[%emt 0:00:01]} 21. Nxf7 {[%emt 0:00:09]} Rxf7 {[%emt 0:00:23]} 22. Bc4 {[%emt 0:00:01]} Raf8 {[%emt 0:00:01]} 23. Rxf7 {[%emt 0:00:01]} Rxf7 {[%emt 0:00:02]} 24. Rf1 {[%emt 0:00:01]} Bf5 {[%emt 0:00:03]} 25. g4 {[%emt 0:00:01]} Bd4+ {[%emt 0:00:01]} 26. Kg2 {[%emt 0:00:05]} Be4+ {[%emt 0:00:01]} 27. Kg3 {[%emt 0:00:11]} Bd5 {[%emt 0:00:03]} 28. Bxd5 {[%emt 0:00:04]} cxd5 {[%emt 0:00:02]} 29. Rd1 {[%emt 0:00:01]} Bf2+ {[%emt 0:00:03]} 30. Kg2 {[%emt 0:00:01]} d4 {[%emt 0:00:01]} 31. b4 {[%emt 0:00:02]} Be3 {[%emt 0:00:01]} 32. b5 {[%emt 0:00:02]} Rf2+ {[%emt 0:00:01]} 33. Kg3 {[%emt 0:00:01]} Rxa2 {[%emt 0:00:02]} 34. Kf3 {[%emt 0:00:04]} Rc2 {[%emt 0:00:02]} 0-1

[Event "EWIBCC 2019"]
[Site "Monte-Carlo"]
[Date "2019.11.29"]
[Round "8.16"]
[White "Unuk, Laura"]
[Black "Berzina, Ilze"]
[Result "1-0"]
[WhiteElo "2298"]
[BlackElo "2211"]
[Annotator "ChessBase"]
[PlyCount "63"]
[EventDate "2019.11.29"]
[EventType "swiss"]
[EventCountry "MNC"]
[SourceTitle "playchess.com"]
[Source "ChessBase"]
[SourceQuality "1"]
[TimeControl "180+2"]

1. d4 {[%emt 0:00:00]} d5 {[%emt 0:00:00]} 2. c4 {[%emt 0:00:01]} c6 {[%emt 0:00:00]} 3. Nf3 {[%emt 0:00:01]} Nf6 {[%emt 0:00:01]} 4. Qc2 {[%emt 0:00:02]} Bg4 {[%emt 0:00:08]} 5. Ne5 {[%emt 0:00:07]} Be6 {[%emt 0:00:11]} 6. e3 {[%emt 0:00:32]} Nbd7 {[%emt 0:00:07]} 7. f4 {[%emt 0:00:33]} Nxe5 {[%emt 0:00:06]} 8. fxe5 {[%emt 0:00:03]} Ne4 {[%emt 0:00:04]} 9. Bd3 {[%emt 0:00:05]} Bf5 {[%emt 0:00:17]} 10. Nc3 {[%emt 0:00:22]} e6 {[%emt 0:00:01]} 11. O-O {[%emt 0:00:06]} Nxc3 {[%emt 0:00:12]} 12. Bxf5 {[%emt 0:00:07]} exf5 {[%emt 0:00:03]} 13. bxc3 {[%emt 0:00:23]} g6 {[%emt 0:00:03]} 14. cxd5 {[%emt 0:00:02]} cxd5 {[%emt 0:00:28]} 15. c4 {[%emt 0:00:01]} dxc4 {[%emt 0:00:31]} 16. Qxc4 {[%emt 0:00:02]} Qd7 {[%emt 0:00:13]} 17. Bb2 {[%emt 0:00:11]} Rc8 {[%emt 0:00:06]} 18. Qb3 {[%emt 0:00:04]} Be7 {[%emt 0:00:07]} 19. d5 {[%emt 0:00:02]} O-O {[%emt 0:00:15]} 20. Rad1 {[%emt 0:00:11]} Bc5 {[%emt 0:00:12]} 21. e6 {[%emt 0:00:16]} Qe7 {[%emt 0:00:04]} 22. Kh1 {[%emt 0:00:09]} f6 {[%emt 0:00:13]} 23. Qd3 {[%emt 0:00:11]} Bd6 {[%emt 0:00:01]} 24. e4 {[%emt 0:00:01]} fxe4 {[%emt 0:00:03]} 25. Qxe4 {[%emt 0:00:01]} Rc5 {[%emt 0:00:13]} 26. Rf3 {[%emt 0:00:03]} Rb5 {[%emt 0:00:06]} 27. Bc3 {[%emt 0:00:04]} Rc8 {[%emt 0:00:02]} 28. Bxf6 {[%emt 0:00:02]} Qf8 {[%emt 0:00:04]} 29. Rdf1 {[%emt 0:00:01]} Qh6 {[%emt 0:00:03]} 30. Be5 {[%emt 0:00:04]} Bxe5 {[%emt 0:00:03]} 31. Qxe5 {[%emt 0:00:01]} Rbc5 {[%emt 0:00:05]} 32. e7 {[%emt 0:00:16]} 1-0

[Event "EWIBCC 2019"]
[Site "Monte-Carlo"]
[Date "2019.11.29"]
[Round "8.18"]
[White "Limanovska, Elizabete"]
[Black "Solozhenkina, Elizaveta"]
[Result "1/2-1/2"]
[WhiteElo "2178"]
[BlackElo "2314"]
[Annotator "ChessBase"]
[PlyCount "151"]
[EventDate "2019.11.29"]
[EventType "swiss"]
[EventCountry "MNC"]
[SourceTitle "playchess.com"]
[Source "ChessBase"]
[SourceQuality "1"]
[TimeControl "180+2"]

1. e4 {[%emt 0:00:00]} c5 {[%emt 0:00:00]} 2. Nf3 {[%emt 0:00:00]} d6 {[%emt 0:00:00]} 3. Bb5+ {[%emt 0:03:06]} Nd7 {[%emt 0:03:06]} 4. O-O {[%emt 0:00:00]} a6 {[%emt 0:00:00]} 5. Bd3 {[%emt 0:00:00]} Ngf6 {[%emt 0:00:00]} 6. Re1 {[%emt 0:00:00]} Qc7 {[%emt 0:00:00]} 7. c3 {[%emt 0:00:00]} Ne5 {[%emt 0:00:00]} 8. Nxe5 {[%emt 0:00:00]} dxe5 {[%emt 0:00:00]} 9. Bc2 {[%emt 0:00:00]} e6 {[%emt 0:00:00]} 10. d3 {[%emt 0:00:00]} Be7 {[%emt 0:00:00]} 11. Be3 {[%emt 0:00:00]} O-O {[%emt 0:00:00]} 12. Nd2 {[%emt 0:00:00]} Rd8 {[%emt 0:00:00]} 13. Qe2 {[%emt 0:00:00]} b6 {[%emt 0:00:00]} 14. Rac1 {[%emt 0:00:00]} Bb7 {[%emt 0:00:00]} 15. f3 {[%emt 0:00:00]} Rac8 {[%emt 0:00:00]} 16. Qf2 {[%emt 0:00:00]} a5 {[%emt 0:00:00]} 17. Kh1 {[%emt 0:00:00]} Ba6 {[%emt 0:00:00]} 18. d4 {[%emt 0:00:00]} exd4 {[%emt 0:00:00]} 19. cxd4 {[%emt 0:00:00]} cxd4 {[%emt 0:00:00]} 20. Bxd4 {[%emt 0:00:00]} Bc5 {[%emt 0:00:00]} 21. Bxc5 {[%emt 0:00:00]} Qxc5 {[%emt 0:00:00]} 22. Qxc5 {[%emt 0:00:00]} Rxc5 {[%emt 0:00:00]} 23. Nb3 {[%emt 0:00:00]} Rc7 {[%emt 0:00:00]} 24. e5 {[%emt 0:00:00]} Nd5 {[%emt 0:00:00]} 25. Be4 {[%emt 0:00:00]} Rdc8 {[%emt 0:00:13]} 26. Rxc7 {[%emt 0:00:00]} Rxc7 {[%emt 0:00:01]} 27. Rc1 {[%emt 0:00:00]} Rxc1+ 28. Nxc1 {[%emt 0:00:00]} Ne3 {[%emt 0:00:18]} 29. Bd3 {[%emt 0:00:03]} Bb7 {[%emt 0:00:05]} 30. Kg1 {[%emt 0:00:05]} h6 {[%emt 0:00:01]} 31. Kf2 {[%emt 0:00:01]} Nd1+ {[%emt 0:00:04]} 32. Ke2 {[%emt 0:00:01]} Nxb2 {[%emt 0:00:01]} 33. Bb5 {[%emt 0:00:00]} a4 {[%emt 0:00:03]} 34. Kd2 {[%emt 0:00:07]} a3 {[%emt 0:00:04]} 35. Kc2 {[%emt 0:00:05]} Bd5 {[%emt 0:00:02]} 36. Nb3 {[%emt 0:00:21]} Nc4 {[%emt 0:00:04]} 37. Bxc4 {[%emt 0:00:21]} Bxc4 {[%emt 0:00:01]} 38. Kc3 {[%emt 0:00:01]} Bf1 {[%emt 0:00:09]} 39. g3 {[%emt 0:00:01]} Kf8 {[%emt 0:00:02]} 40. Kb4 {[%emt 0:00:00]} Ke7 {[%emt 0:00:01]} 41. Kxa3 {[%emt 0:00:01]} Kd7 {[%emt 0:00:00]} 42. Kb4 {[%emt 0:00:01]} Kc6 {[%emt 0:00:02]} 43. Nd2 {[%emt 0:00:03]} Be2 {[%emt 0:00:02]} 44. a4 {[%emt 0:00:05]} Kd5 {[%emt 0:00:01]} 45. f4 {[%emt 0:00:03]} h5 {[%emt 0:00:03]} 46. Kc3 {[%emt 0:00:01]} g6 {[%emt 0:00:02]} 47. Nb1 {[%emt 0:00:04]} Ke4 {[%emt 0:00:02]} 48. Kd2 {[%emt 0:00:01]} Kf3 {[%emt 0:00:02]} 49. Nc3 {[%emt 0:00:01]} Bc4 {[%emt 0:00:05]} 50. Nd1 {[%emt 0:00:04]} Bb3 {[%emt 0:00:02]} 51. Ne3 {[%emt 0:00:03]} Bxa4 {[%emt 0:00:02]} 52. Nc4 {[%emt 0:00:01]} b5 {[%emt 0:00:01]} 53. Nd6 {[%emt 0:00:01]} b4 {[%emt 0:00:02]} 54. Kc1 {[%emt 0:00:01]} Ke3 {[%emt 0:00:01]} 55. Nxf7 {[%emt 0:00:02]} Kd3 {[%emt 0:00:01]} 56. Kb2 {[%emt 0:00:01]} Ke2 {[%emt 0:00:02]} 57. Ng5 {[%emt 0:00:01]} Bd7 {[%emt 0:00:02]} 58. Kb3 {[%emt 0:00:00]} Kf2 {[%emt 0:00:01]} 59. Kxb4 {[%emt 0:00:01]} Kg2 {[%emt 0:00:01]} 60. Kc5 {[%emt 0:00:02]} Kxh2 {[%emt 0:00:02]} 61. Ne4 {[%emt 0:00:00]} Ba4 {[%emt 0:00:03]} 62. Kd6 {[%emt 0:00:01]} Bc2 {[%emt 0:00:03]} 63. Nc3 {[%emt 0:00:05]} Bf5 {[%emt 0:00:02]} 64. Ne2 {[%emt 0:00:01]} Kg2 {[%emt 0:00:01]} 65. Ke7 {[%emt 0:00:05]} Kf3 {[%emt 0:00:01]} 66. Nd4+ {[%emt 0:00:01]} Kxg3 {[%emt 0:00:01]} 67. Nxf5+ {[%emt 0:00:01]} gxf5 {[%emt 0:00:01]} 68. Kxe6 {[%emt 0:00:01]} h4 {[%emt 0:00:01]} 69. Kxf5 {[%emt 0:00:01]} h3 {[%emt 0:00:00]} 70. e6 {[%emt 0:00:01]} h2 {[%emt 0:00:01]} 71. e7 {[%emt 0:00:01]} h1=Q {[%emt 0:00:03]} 72. e8=Q {[%emt 0:00:17]} Qd5+ {[%emt 0:00:10]} 73. Qe5 {[%emt 0:00:00]} Qf7+ {[%emt 0:00:03]} 74. Ke4 {[%emt 0:00:00]} Qc4+ {[%emt 0:00:01]} 75. Qd4 {[%emt 0:00:00]} Qxd4+ {[%emt 0:00:02]} 76. Kxd4 {[%emt 0:00:08]} 1/2-1/2

[Event "EWIBCC 2019"]
[Site "Monte-Carlo"]
[Date "2019.11.29"]
[Round "8.19"]
[White "Belenkaya, Dina"]
[Black "Kazarian, Anna-Maja"]
[Result "1-0"]
[WhiteElo "2302"]
[BlackElo "2109"]
[Annotator "ChessBase"]
[PlyCount "135"]
[EventDate "2019.11.29"]
[EventType "swiss"]
[EventCountry "MNC"]
[SourceTitle "playchess.com"]
[Source "ChessBase"]
[SourceQuality "1"]
[TimeControl "180+2"]

1. e4 {[%emt 0:00:00]} c6 {[%emt 0:00:00]} 2. d3 {[%emt 0:00:02]} d5 {[%emt 0:00:01]} 3. Nd2 {[%emt 0:00:01]} Nf6 {[%emt 0:00:06]} 4. g3 {[%emt 0:00:02]} g6 {[%emt 0:00:19]} 5. Bg2 {[%emt 0:00:01]} Bg7 {[%emt 0:02:44]} 6. Ngf3 {[%emt 0:00:02]} O-O {[%emt 0:00:00]} 7. O-O {[%emt 0:00:02]} e6 {[%emt 0:00:00]} 8. Qe2 {[%emt 0:00:04]} b6 {[%emt 0:00:00]} 9. c3 {[%emt 0:00:03]} Ba6 {[%emt 0:00:00]} 10. e5 {[%emt 0:00:16]} Nfd7 {[%emt 0:00:00]} 11. c4 {[%emt 0:00:01]} Qc7 {[%emt 0:00:00]} 12. Re1 {[%emt 0:00:01]} Bb7 {[%emt 0:00:00]} 13. b3 {[%emt 0:00:02]} Na6 {[%emt 0:00:00]} 14. Ba3 {[%emt 0:00:02]} c5 {[%emt 0:00:00]} 15. Bb2 {[%emt 0:00:17]} Nb4 {[%emt 0:00:00]} 16. Nf1 {[%emt 0:00:08]} d4 {[%emt 0:00:00]} 17. Bc1 {[%emt 0:00:24]} Rab8 {[%emt 0:00:00]} 18. Bf4 {[%emt 0:00:02]} a6 {[%emt 0:00:00]} 19. a3 {[%emt 0:00:02]} Nc6 {[%emt 0:00:00]} 20. h4 {[%emt 0:00:14]} b5 {[%emt 0:00:00]} 21. h5 {[%emt 0:00:08]} Na5 {[%emt 0:00:00]} 22. N1d2 {[%emt 0:00:03]} bxc4 {[%emt 0:00:00]} 23. bxc4 {[%emt 0:00:01]} Bc6 {[%emt 0:00:00]} 24. Ne4 {[%emt 0:00:33]} Bxe4 {[%emt 0:00:00]} 25. Qxe4 {[%emt 0:00:02]} Rb2 {[%emt 0:00:08]} 26. Ng5 {[%emt 0:00:07]} h6 {[%emt 0:00:06]} 27. Nf3 {[%emt 0:00:03]} Qb7 {[%emt 0:00:09]} 28. Qxb7 {[%emt 0:00:07]} Nxb7 {[%emt 0:00:01]} 29. Rab1 {[%emt 0:00:01]} Rxb1 {[%emt 0:00:03]} 30. Rxb1 {[%emt 0:00:01]} Na5 {[%emt 0:00:03]} 31. hxg6 {[%emt 0:00:02]} fxg6 {[%emt 0:00:00]} 32. Bd2 {[%emt 0:00:12]} Nc6 {[%emt 0:00:04]} 33. Rb7 {[%emt 0:00:10]} Ncxe5 {[%emt 0:00:02]} 34. Nxe5 {[%emt 0:00:02]} Nxe5 {[%emt 0:00:01]} 35. Be4 {[%emt 0:00:02]} Nf3+ {[%emt 0:00:12]} 36. Bxf3 {[%emt 0:00:02]} Rxf3 {[%emt 0:00:01]} 37. Rb3 {[%emt 0:00:07]} e5 {[%emt 0:00:02]} 38. Kg2 {[%emt 0:00:01]} Rf6 {[%emt 0:00:01]} 39. Rb7 {[%emt 0:00:04]} Re6 {[%emt 0:00:02]} 40. f3 {[%emt 0:00:01]} Kh7 {[%emt 0:00:01]} 41. Ba5 {[%emt 0:00:03]} g5 {[%emt 0:00:02]} 42. g4 {[%emt 0:00:01]} Kg6 {[%emt 0:00:00]} 43. Rc7 {[%emt 0:00:01]} Bf8 {[%emt 0:00:02]} 44. Rc8 {[%emt 0:00:02]} Be7 {[%emt 0:00:02]} 45. Kf2 {[%emt 0:00:01]} h5 {[%emt 0:00:02]} 46. gxh5+ {[%emt 0:00:01]} Kxh5 {[%emt 0:00:01]} 47. Kg3 {[%emt 0:00:03]} Kg6 {[%emt 0:00:06]} 48. Kg4 {[%emt 0:00:03]} Rf6 {[%emt 0:00:03]} 49. Re8 {[%emt 0:00:06]} Rf4+ {[%emt 0:00:01]} 50. Kg3 {[%emt 0:00:01]} Kf7 {[%emt 0:00:01]} 51. Ra8 {[%emt 0:00:02]} Rf6 {[%emt 0:00:01]} 52. Ra7 {[%emt 0:00:01]} Re6 {[%emt 0:00:03]} 53. Bd8 {[%emt 0:00:03]} Kf6 {[%emt 0:00:05]} 54. Bxe7+ {[%emt 0:00:02]} Rxe7 {[%emt 0:00:13]} 55. Rxa6+ {[%emt 0:00:01]} Kf5 {[%emt 0:00:00]} 56. Ra5 {[%emt 0:00:03]} Rc7 {[%emt 0:00:00]} 57. a4 {[%emt 0:00:02]} Rc6 {[%emt 0:00:00]} 58. Ra8 {[%emt 0:00:03]} Rb6 {[%emt 0:00:00]} 59. a5 {[%emt 0:00:01]} Rb3 {[%emt 0:00:00]} 60. a6 {[%emt 0:00:00]} Rxd3 {[%emt 0:00:00]} 61. a7 {[%emt 0:00:01]} Ra3 {[%emt 0:00:05]} 62. Rf8+ {[%emt 0:00:01]} Ke6 {[%emt 0:00:05]} 63. a8=Q {[%emt 0:00:02]} Rxa8 {[%emt 0:00:02]} 64. Rxa8 {[%emt 0:00:01]} d3 {[%emt 0:00:02]} 65. Rd8 {[%emt 0:00:02]} e4 {[%emt 0:00:01]} 66. fxe4 {[%emt 0:00:01]} Ke5 {[%emt 0:00:01]} 67. Rxd3 {[%emt 0:00:02]} Kxe4 {[%emt 0:00:10]} 68. Rd5 {[%emt 0:00:51] Kxd5} 1-0

[Event "EWIBCC 2019"]
[Site "Monte-Carlo"]
[Date "2019.11.29"]
[Round "9.2"]
[White "Gunina, Valentina"]
[Black "Gaponenko, Inna"]
[Result "1-0"]
[WhiteElo "2509"]
[BlackElo "2427"]
[Annotator "TA"]
[PlyCount "88"]
[EventDate "2019.11.29"]
[EventType "swiss"]
[EventCountry "MNC"]
[SourceTitle "playchess.com"]
[Source "ChessBase"]
[SourceQuality "1"]

{[%evp 24,88,56,26,18,39,64,24,62,49,102,49,65,41,39,-14,48,0,48,0,45,47,95,97,101,99,107,107,104,92,192,191,475,485,475,467,579,469,494,512,511,503,724,735,839,828,944,918,1140,1127,1284,1271,1266,1237,1212,1220,1314,981,1819,1779,1954,1881,1962,1373,29958,5926,2970]} 1. e4 d6 2. d4 Nf6 3. Nc3 g6 4. Nf3 Bg7 5. Be2 O-O 6. O-O Bg4 7. Be3 Nc6 8. d5 Bxf3 9. Bxf3 Ne5 10. Be2 c6 11. f4 Ned7 12. dxc6 bxc6 13. Bf3 Qc7 {B08: Pirc Defence: Classical System} 14. Qd2 (14. Qd3 e5 15. g3 Rfe8 16. Rad1 Bf8 17. Kh1 Rab8 18. b3 Qa5 19. Bd2 Nc5 20. Qe2 Qc7 21. f5 gxf5 {½-½ (49) Li,R (2548)-Petrosian,T (2615) Saint Louis 2017}) 14... Rab8 15. Rab1 Rb7 $146 {White has an edge.} ({Predecessor:} 15... e5 16. Rfd1 exf4 17. Bxf4 Ne8 18. Na4 Ne5 19. b3 Qe7 20. Rf1 Nc7 21. Rbd1 {½-½ (73) Annaberdiyev,B (2238)-Arduman,C (2347) Kocaeli 2014}) 16. b3 {[%cal Bb2b3,Bb3b4][%mdl 32]} Qa5 (16... e5 $14) 17. a3 ({White should play} 17. Nd5 $16 Qd8 18. Nb4) 17... Re8 18. b4 Qc7 $1 19. Ne2 (19. Rfd1 $14) 19... Rbb8 ({Better is} 19... e5 $11) 20. c4 c5 21. Rfc1 Nb6 22. Qd3 $36 {[%mdl 2048] White fights for an advantage.} Rec8 23. bxc5 dxc5 24. e5 Rd8 25. Qc2 Nfd7 26. a4 a5 (26... Nf8 $16) 27. Rb5 $18 Nf8 $2 {[#]} (27... Bh6 {might work better.} 28. Qb3 e6) 28. Rxc5 Qd7 29. Rb5 Qc7 30. Qb3 Nbd7 31. c5 Ne6 32. c6 Ndf8 33. Rb7 Rxb7 34. cxb7 Qb8 35. Qb6 f6 36. Bg4 f5 37. Bf3 g5 38. g3 gxf4 39. gxf4 Kh8 40. Ng3 Bh6 41. Nxf5 Bxf4 42. Bxf4 Nxf4 43. Nxe7 {[%cal Rb6f6]} N8e6 {[#]} 44. Rc8 $1 {White wants to mate with Rxd8+.} Qxe5 {Accuracy: White = 63%, Black = 14%.} 1-0

[Event "EWIBCC 2019"]
[Site "Monte-Carlo"]
[Date "2019.11.29"]
[Round "9.3"]
[White "Kosteniuk, Alexandra"]
[Black "Buksa, Nataliya"]
[Result "1-0"]
[WhiteElo "2483"]
[BlackElo "2410"]
[Annotator "RC"]
[PlyCount "169"]
[EventDate "2019.11.29"]
[EventType "swiss"]
[EventCountry "MNC"]
[SourceTitle "playchess.com"]
[Source "ChessBase"]
[SourceQuality "1"]
[TimeControl "180+2"]

1. e4 {[%emt 0:00:00]} c5 {[%emt 0:00:00]} 2. c3 {[%emt 0:00:00]} Nf6 {[%emt 0:00:00]} 3. e5 {[%emt 0:00:00]} Nd5 {[%emt 0:00:00]} 4. Nf3 {[%emt 0:00:01]} Nc6 {[%emt 0:00:00]} 5. Bc4 {[%emt 0:00:01]} Nb6 6. Bb3 {[%emt 0:03:10]} d5 {[%emt 0:00:02]} 7. exd6 {[%emt 0:00:00]} Qxd6 {[%emt 0:00:01]} 8. O-O {[%emt 0:00:00]} c4 {[%emt 0:00:11]} 9. Bc2 {[%emt 0:00:00]} Bg4 {[%emt 0:00:01]} 10. Qe2 {[%emt 0:00:00]} e6 {[%emt 0:00:12]} 11. Na3 {[%emt 0:00:00]} Qd5 {[%emt 0:00:03]} 12. Be4 {[%emt 0:00:00]} Qc5 {[%emt 0:00:07]} 13. b4 {[%emt 0:00:00]} cxb3 {[%emt 0:00:03]} 14. axb3 {[%emt 0:00:00]} Bd6 {[%emt 0:00:20]} 15. h3 {[%emt 0:00:00]} Bxf3 {[%emt 0:00:13]} 16. Qxf3 {[%emt 0:00:00]} f5 {[%emt 0:00:10]} 17. Bxc6+ {[%emt 0:00:00]} Qxc6 {[%emt 0:00:01]} 18. Qxc6+ {[%emt 0:00:00]} bxc6 {[%emt 0:00:01]} 19. Nc2 {[%emt 0:00:00]} Kd7 {[%emt 0:00:06]} 20. d4 {[%emt 0:00:00]} a5 {[%emt 0:00:08]} 21. c4 {[%emt 0:00:00]} Bc7 {[%emt 0:00:04]} 22. Ne3 {[%emt 0:00:00]} f4 {[%emt 0:00:10]} 23. Ng4 {[%emt 0:00:00]} a4 {[%emt 0:00:00]} 24. bxa4 {[%emt 0:00:00]} Rxa4 {[%emt 0:00:14]} 25. Rxa4 {[%emt 0:00:00]} Nxa4 {[%emt 0:00:01]} 26. Re1 {[%emt 0:00:00]} Nb6 {[%emt 0:00:06]} 27. Ne5+ {[%emt 0:00:00]} Bxe5 {[%emt 0:00:02]} 28. Rxe5 {[%emt 0:00:00]} Nxc4 {[%emt 0:00:10]} 29. Rc5 {[%emt 0:00:00]} Nb6 {[%emt 0:00:01]} 30. Bxf4 {[%emt 0:00:00]} Ra8 {[%emt 0:00:02]} 31. Rg5 {[%emt 0:00:00]} g6 {[%emt 0:00:01]} 32. h4 {[%emt 0:00:00]} Ra4 {[%emt 0:00:05]} 33. Be5 {[%emt 0:00:00]} Ke7 {[%emt 0:00:22]} 34. h5 {[%emt 0:00:00]} Kf7 {[%emt 0:00:01]} 35. hxg6+ {[%emt 0:00:00]} hxg6 {[%emt 0:00:01]} 36. Rg3 {[%emt 0:00:00]} Nd7 {[%emt 0:00:05]} 37. Rf3+ {[%emt 0:00:00]} Ke7 {[%emt 0:00:01]} 38. Bg7 {[%emt 0:00:00]} Ra5 {[%emt 0:00:22]} 39. Bh6 {[%emt 0:00:07]} Rd5 {[%emt 0:00:04]} 40. Be3 {[%emt 0:00:05]} Nf6 {[%emt 0:00:11]} 41. Rg3 {[%emt 0:00:07]} Kf7 {[%emt 0:00:01]} 42. f3 {[%emt 0:00:00]} Ra5 {[%emt 0:00:10]} 43. Rh3 {[%emt 0:00:03]} Rh5 {[%emt 0:00:02]} 44. Rg3 {[%emt 0:00:05]} Nd5 {[%emt 0:00:06]} 45. Bd2 {[%emt 0:00:10]} Rh4 {[%emt 0:00:01]} 46. f4 {[%emt 0:00:02]} Rh8 {[%emt 0:00:11]} 47. Ra3 {[%emt 0:00:06]} Rb8 {[%emt 0:00:02]} 48. g3 {[%emt 0:00:17]} Rb2 {[%emt 0:00:04]} 49. Be1 {[%emt 0:00:02]} Re2 {[%emt 0:00:02]} 50. Bf2 {[%emt 0:00:02]} Kf6 {[%emt 0:00:02]} 51. Rb3 {[%emt 0:00:02]} Kf5 {[%emt 0:00:01]} 52. Kf1 {[%emt 0:00:14]} Rd2 {[%emt 0:00:01]} 53. Ke1 {[%emt 0:00:01]} Rc2 {[%emt 0:00:00]} 54. Ra3 {[%emt 0:00:04]} Ke4 {[%emt 0:00:01]} 55. Rb3 {[%emt 0:00:01]} Nc3 {[%emt 0:00:01]} 56. Kf1 {[%emt 0:00:03]} Kf3 {[%emt 0:00:01]} 57. Be1 {[%emt 0:00:00]} Ke4 {[%emt 0:00:14]} 58. Rxc3 {[%emt 0:00:02]} Rh2 {[%emt 0:00:07]} 59. Rxc6 {[%emt 0:00:01]} Kf3 {[%emt 0:00:01]} 60. Rc3+ {[%emt 0:00:02]} Ke4 {[%emt 0:00:01]} 61. Bf2 {[%emt 0:00:01]} Rh1+ {[%emt 0:00:02]} 62. Ke2 {[%emt 0:00:01]} Ra1 {[%emt 0:00:01]} 63. Re3+ {[%emt 0:00:01]} Kd5 {[%emt 0:00:02]} 64. Re5+ {[%emt 0:00:01]} Kd6 {[%emt 0:00:00]} 65. Kf3 {[%emt 0:00:00]} Ra2 {[%emt 0:00:02]} 66. Be3 {[%emt 0:00:02]} Ra3 {[%emt 0:00:01]} 67. Kg4 {[%emt 0:00:01]} Ra1 {[%emt 0:00:01]} 68. Kg5 {[%emt 0:00:01]} Ra2 {[%emt 0:00:01]} 69. g4 {[%emt 0:00:01]} Rg2 {[%emt 0:00:01]} 70. Bc1 {[%emt 0:00:08]} Rg1 {[%emt 0:00:03]} 71. Ba3+ {[%emt 0:00:01]} Kd7 {[%emt 0:00:01]} 72. Bc5 {[%emt 0:00:02]} Rg2 {[%emt 0:00:02]} 73. Re3 {[%emt 0:00:01]} Rg1 {[%emt 0:00:03]} 74. Ra3 {[%emt 0:00:01]} Rg2 {[%emt 0:00:02]} 75. Ra6 {[%emt 0:00:01]} Rg3 {[%emt 0:00:02]} 76. Ra7+ {[%emt 0:00:02]} Kc6 {[%emt 0:00:01]} 77. Rg7 {[%emt 0:00:03]} Kd5 {[%emt 0:00:01]} 78. Rxg6 {[%emt 0:00:01]} Rg2 {[%emt 0:00:11]} 79. Kf6 {[%emt 0:00:04]} Ke4 {[%emt 0:00:01]} 80. f5 {[%emt 0:00:01]} exf5 {[%emt 0:00:04]} 81. gxf5 {[%emt 0:00:01]} Ra2 {[%emt 0:00:01]} 82. Ke6 {[%emt 0:00:02]} Ra6+ {[%emt 0:00:01]} 83. Bd6 {[%emt 0:00:01]} Kxd4 {[%emt 0:00:01]} 84. Rg4+ {[%emt 0:00:01]} Ke3 {[%emt 0:00:01]} 85. f6 {[%emt 0:00:01]} 1-0

[Event "EWIBCC 2019"]
[Site "Monte-Carlo"]
[Date "2019.11.29"]
[Round "9.4"]
[White "Stefanova, Antoaneta"]
[Black "Bulmaga, Irina"]
[Result "1/2-1/2"]
[WhiteElo "2481"]
[BlackElo "2435"]
[Annotator "TA"]
[PlyCount "102"]
[EventDate "2019.11.29"]
[EventType "swiss"]
[EventCountry "MNC"]
[SourceTitle "playchess.com"]
[Source "ChessBase"]
[SourceQuality "1"]

{[%evp 24,102,17,18,52,27,51,0,0,0,15,-28,-28,-74,-77,-94,-115,-195,-78,-70,-68,-58,-67,-87,-47,-41,-45,-40,-48,-67,-63,-67,-38,-36,-16,-25,0,10,0,-52,-34,-49,-40,-49,-22,-31,-31,-21,-20,-75,-37,-40,0,0,0,-25,0,0,0,0,0,0,0,0,0,0,0,0,0,0,0,0,0,0,0,0,0,0,0,0,0]} 1. Nf3 Nf6 2. g3 b6 3. Bg2 Bb7 4. O-O e6 5. c4 Be7 6. Nc3 O-O 7. Re1 d5 8. cxd5 Nxd5 9. e4 Nxc3 10. bxc3 c5 11. d4 cxd4 12. cxd4 Nd7 13. Bb2 Nf6 {A30: Symmetrical English: Double Fianchetto and Hedgehog} (13... Rc8 14. Qb3 Re8 15. Rad1 Bf8 16. Bf1 a6 17. a4 Qe7 18. Re3 Qb4 19. Nd2 Rc7 20. Ba3 Qxb3 21. Rxb3 Bxa3 22. Rxa3 {½-½ (22) Nepomniachtchi,I (2705)-Zhao,J (2621) Baku 2015}) 14. Qd3 Rc8 $146 ({Predecessor:} 14... Bb4 15. Re3 Rc8 16. Rd1 Re8 17. h3 h6 18. Ne5 Nd7 19. Ng4 h5 20. Nh2 Qg5 21. Nf3 {0-1 (35) Farago,S (2295)-Jakab,A (2328) Budapest 1999}) 15. h4 (15. Ng5 $14 Nd7 16. Nh3) 15... Re8 $11 16. Ne5 Bf8 17. g4 Nd7 {[%cal Bf6d7,Bd7c5,Bc5a4][%mdl 32]} 18. Nf3 {[#]} Nc5 $1 {[%mdl 512]} 19. Qb1 (19. dxc5 Qxd3) 19... Na4 20. g5 {[#]} (20. Bc1 $17) 20... Qc7 (20... Bb4 $1 $19 {[%cal Rb4e1]} 21. Re3 Qc7) 21. Bc1 $17 Qc2 22. Qxc2 Rxc2 23. Bf1 Bb4 24. Bb5 Bc6 25. Bxc6 Rxc6 26. Re2 Rec8 27. Bf4 Rc3 28. Kg2 Rd3 29. Be3 Ba3 30. Ne5 Rdc3 31. Bf4 (31. d5 $11) 31... Bd6 $15 32. Be3 Bxe5 33. dxe5 Rd3 34. h5 g6 35. h6 Kf8 36. Bd2 (36. Rb1 $11) 36... Rc4 (36... Ke8 {keeps more tension.} 37. Be1 Rc5 38. f4 Rc4 39. Rb1 Rdd4) 37. Rb1 Nc3 38. Bxc3 Rcxc3 $11 {[%mdl 4096] Endgame KRR-KRR} 39. Rb4 Ke7 40. Ra4 {The position is equal.} a5 41. Rb2 Rc6 42. Kf1 Rdc3 43. Rd4 R3c4 44. Rxc4 Rxc4 45. Rxb6 Rxe4 {KR-KR} 46. Rb7+ $1 Ke8 47. Rb8+ Ke7 48. Rb7+ Ke8 49. Rb8+ Ke7 50. Rb7+ Ke8 51. Rb8+ Ke7 {Accuracy: White = 63%, Black = 41%.} 1/2-1/2